| 000 | 00425nam a2200181Ia 4500 | ||
|---|---|---|---|
| 001 | 25448 | ||
| 005 | 20260414151151.0 | ||
| 008 | 260414t2012||||xx |||||||||||||| ||spa|| | ||
| 041 | _aESP | ||
| 082 |
_a346.5 _bT73A 2012 |
||
| 100 |
_aTorres Vásquez, Aníbal _eAUT |
||
| 245 | 0 |
_aActo jurídico _b |
|
| 260 | _c2012 | ||
| 300 |
_a1041 páginas : _c24 cm. |
||
| 650 | _aDER | ||
| 654 | _aCDE | ||
| 942 |
_cLIB _dJUS _fJUS _2ddc _n |
||
| 999 |
_c25448 _d25448 |
||